|
|
|
|
| LEADER |
00863nam a2200229 a 4500 |
| 001 |
2880223 |
| 008 |
091209r19931987enka 001 0 eng d |
| 010 |
|
|
|a 86032707
|
| 020 |
|
|
|a 0631150021 (U.S.)
|
| 020 |
|
|
|a 063115003X (U.S. : pbk.)
|
| 040 |
|
|
|a DLC
|c DLC
|d DLC
|d BD-DhAAL
|
| 082 |
0 |
0 |
|a 330/.028
|2 19
|
| 100 |
1 |
|
|a Pokorny, Michael.
|
| 245 |
1 |
3 |
|a An introduction to econometrics /
|c Michael Pokorny.
|
| 260 |
|
|
|a Oxford [Oxfordshire], UK ;
|a New York, NY, USA :
|b B. Blackwell,
|c 1987.[Reprinted 1993]
|
| 300 |
|
|
|a xi, 436 p. :
|b ill. ;
|c 23 cm.
|
| 504 |
|
|
|a Includes index.
|
| 541 |
1 |
|
|e 00010937
|
| 650 |
|
0 |
|a Econometrics.
|
| 852 |
4 |
|
|a Ayesha Abed Library
|j General shelf
|
| 999 |
|
|
|c 7261
|d 7261
|
| 952 |
|
|
|0 0
|1 0
|2 ddc
|4 0
|6 330_028000000000000_POK_1993
|7 0
|9 7603
|a BRACUL
|b BRACUL
|c GEN
|d 2010-01-31
|l 3
|m 8
|o 330.028 POK
|p 3010010937
|r 2014-01-16
|s 2013-11-29
|t 1
|w 2010-01-31
|y BK
|